| 000 | 00844nam a2200277 a 4500 | ||
|---|---|---|---|
| 001 | 156102 | ||
| 003 | OSt | ||
| 005 | 20210924155719.0 | ||
| 008 | 180420 ### HIN | ||
| 020 | _a9781402007569 | ||
| 082 |
_a515.7 _bF97F |
||
| 100 | _aLebedev, L. P. | ||
| 245 |
_aFunctional analysis : applications in mechanics and inverse problems _cby L. P. Lebedev, I. I. Vorovich and G. M. L. Gladwell |
||
| 250 | _a2nd ed. | ||
| 260 |
_aDordrecht _bKluwer Academic _c2002 |
||
| 300 | _ax, 247p. | ||
| 490 | _aSolid mechanics and its applications; Vol. 100 | ||
| 653 | _aFunctional analysis | ||
| 653 | _aDifferential equations, Partial | ||
| 653 | _aMaterials | ||
| 653 | _aCivil engineering | ||
| 653 | _aGlobal analysis (Mathematics) | ||
| 700 | _aVorovich, I. I. | ||
| 700 | _aGladwell, G. M. L. | ||
| 942 |
_2ddc _cBK |
||
| 999 |
_c18526 _d18526 |
||